Химическая технология биологически активных соединений, 1974-1983: сборник научных трудов; [Вып. 2]

Xehetasun bibliografikoak
Erakunde egilea: Рижский политехнический институт
Beste egile batzuk: Гудриниеце Э. Ю. Эмилия Юлиановна (редактор)
Gaia:Часть текста: латыш.
Hizkuntza:errusiera
Argitaratua: Рига, Изд-во РПИ, 1983
Gaiak:
Formatua: MixedMaterials Liburua
KOHA link:https://koha.lib.tpu.ru/cgi-bin/koha/opac-detail.pl?biblionumber=214176

MARC

LEADER 00000nam0a2200000 4500
001 214176
005 20231101225852.0
020 |a RU  |b 90-3243 
035 |a (RuTPU)RU\TPU\book\234033 
090 |a 214176 
100 |a 20120420d1983 k y0rusy5003 ca 
101 0 |a rus  |c lav 
102 |a LV 
105 |a a z 001zy 
200 1 |a Химическая технология биологически активных соединений, 1974-1983  |e сборник научных трудов  |f Рижский политехнический институт ; под ред. Э. Ю. Гудриниеце  |h [Вып. 2] 
210 |a Рига  |c Изд-во РПИ  |d 1983 
215 |a 133 с.  |c ил. 
300 |a Часть текста: латыш. 
320 |a Библиогр. в конце ст. 
610 1 |a биологически активные вещества 
610 1 |a синтез 
610 1 |a химическая технология 
675 |a 661.7  |z rus  |v 3 
702 1 |a Гудриниеце  |b Э. Ю.  |g Эмилия Юлиановна  |4 340 
712 0 2 |a Рижский политехнический институт  |2 stltpush  |3 (RuTPU)RU\TPU\col\7561  |9 24345 
801 0 |a RU  |b RuMRKP  |c 19950417  |g psbo 
801 1 |a RU  |b 63413507  |c 20120420 
801 2 |a RU  |b 63413507  |c 20151001  |g RCR 
942 |c BK